music trivia: 1971 songs and artists - Statistics

General Stats
  • This quiz has been taken 265 times
    237 since last reset
  • The average score is 9 of 15
Answer Stats
If you know this song... ...do you know who sang it? % Correct
Imagine John Lennon
99%
American Pie Don McLean
89%
Gypsies, Tramps & Thieves Cher
78%
Me and Bobby McGee Janis Joplin
77%
What's Goin' On Marvin Gaye
77%
Ain't No Sunshine Bill Withers
71%
Joy to the World Three Dog Night
70%
Uncle Albert/Admiral Halsey Paul & Linda McCartney
59%
It's Too Late Carole King
55%
How Can You Mend a Broken Heart The Bee Gees
55%
Levon Elton John
51%
Just My Imagination (Running Away with Me) The Temptations
50%
One Bad Apple The Osmonds
43%
Got to Be There Michael Jackson
39%
Never Can Say Goodbye The Jackson 5
29%
No matching quizzes found
Score Distribution
Percent of People with Each Score
Percentile by Number Answered
Your Score History
You have not taken this quiz since the last reset